The Game Discography - Statistics

General Stats
  • This quiz has been taken 7 times
  • The average score is 12 of 31
Answer Stats
Year Name Type % Correct
2005 The Documentary Album
100%
2015 The Documentary 2 Album
100%
2006 Doctor's Advocate Album
83%
2015 The Documentary 2.5 Album
83%
2016 1992 Album
67%
2012 Jesus Piece Album
67%
2008 LAX Album
67%
2011 The R.E.D. Album Album
50%
2016 Block Wars Soundtrack
33%
2014 Blood Moon: Year of the Wolf Compilation
33%
2006 G.A.M.E. Compilation
33%
2013 OKE: Operation Kill Everything Mixtape
33%
2011 Purp & Patron Mixtape
33%
2006 Stop Snitchin, Stop Lyin Mixtape
33%
2016 Streets of Compton Soundtrack
33%
2010 The Red Room Mixtape
33%
2004 Untold Story Independent Album
33%
2010 Brake Lights Mixtape
17%
2012 California Republic Mixtape
17%
2005 Ghost Unit Mixtape
17%
2011 Hoodmorning (No Typo): Candy Coronas Mixtape
17%
2003 Live from Compton Independent Album
17%
2011 Purp & Patron: The Hangover Mixtape
17%
2016 The Documentary 2 / 2.5 (Collector's Edition) Compilation
17%
2005 Untold Story, Vol. 2 Independent Album
17%
2005 West Coast Resurrection Independent Album
17%
2004 Westside Story Mixtape
17%
2002 You Know What It Is, Vol. 1 Mixtape
17%
2004 You Know What It Is, Vol. 2: Throwin' Rocks at the Throne Mixtape
17%
2005 You Know What It Is, Vol. 3 Mixtape
17%
2007 You Know What It Is, Vol. 4 Mixtape
17%
No matching quizzes found
Score Distribution
Percent of People with Each Score
Percentile by Number Answered
Your Score History
You have not taken this quiz